The plus guide peninsular Malaysia : The West Coast and Central Peninsula, with a special supplement for the East Coast states

Đã lưu trong:
Sonraí Bibleagrafaíochta
Formáid: Leabhar
Teanga:Undetermined
Foilsithe: Kuala Lumper Projek Lebuhraya Utara- Selatan Berhad 1996
Ábhair:
Clibeanna: Cuir Clib Leis
Gan Chlibeanna, Bí ar an gcéad duine leis an taifead seo a chlibeáil!
Thư viện lưu trữ: Trung tâm Học liệu Trường Đại học Cần Thơ
LEADER 00579nam a2200181Ia 4500
001 CTU_110087
008 210402s9999 xx 000 0 und d
082 |a 959.5 
082 |b P737 
245 4 |a The plus guide peninsular Malaysia : 
245 4 |b The West Coast and Central Peninsula, with a special supplement for the East Coast states 
260 |a Kuala Lumper 
260 |b Projek Lebuhraya Utara- Selatan Berhad 
260 |c 1996 
650 |a Malaysia 
650 |x Description and travel 
904 |i M.Loan 
980 |a Trung tâm Học liệu Trường Đại học Cần Thơ